| 000 | 01084cam a2200313 a 4500 | ||
|---|---|---|---|
| 001 | 15216130 | ||
| 003 | OSt | ||
| 005 | 20230602141341.0 | ||
| 008 | 080312s2007 caua 001 0 eng d | ||
| 010 | _a 2008297436 | ||
| 020 | _a9781403144232 | ||
| 020 | _a1403144230 | ||
| 035 | _a(OCoLC)ocn184841535 | ||
| 040 |
_aCLZ _cCLZ _dDPL _dDLC |
||
| 042 | _alccopycat | ||
| 050 | 0 | 0 |
_aBP605.S2 _bH83553 2007 |
| 082 | 0 | 4 |
_a299/.936 _222 |
| 100 | 1 |
_aHubbard, L. Ron _q(La Fayette Ron), _d1911-1986. |
|
| 245 | 1 | 0 |
_aScientology, a history of man : _ba list and description of the principal incidents to be found in a human being / _cby L. Ron Hubbard. |
| 250 | _a[New ed.]. | ||
| 260 |
_aLos Angeles, Calif. : _bBridge Publications, Inc., _c2007. |
||
| 300 |
_a247 p. : _bill. ; _c25 cm. |
||
| 500 | _a"A Hubbard publication". | ||
| 500 | _aIncludes index. | ||
| 650 | 0 | _aScientology. | |
| 906 |
_a7 _bcbc _ccopycat _d2 _encip _f20 _gy-gencatlg |
||
| 942 |
_2ddc _cBK |
||
| 999 |
_c168 _d168 |
||